000 00974nam a22002297a 4500
999 _c26274
_d26274
003 BDDh-ASL
005 20231016062613.0
008 211002s1987 b ||||| |||| 00| 0 b d
040 _cBDDh-ASL
082 _a928.9144
_bZAR
100 1 _92145
_aজামান, লায়লা
245 1 0 _aরোকেয়া সাখাওয়াত হোসেন ১৮৮০-১৯৩২ /
246 _aRokeya Sakhawat Hossain
260 _aঢাকা:
_bবাংলা একাডেমি,
_c১৯৮৭।
300 _a৬১ পৃষ্ঠা, :
_c২২ সে. মি.
440 _94691
_aজীবনী গ্রন্থমালা
504 _aগ্রন্থপঞ্জি সংযুক্ত ।
600 1 0 _92200
_aহোসেন, রোকেয়া সাখাওয়াত
_y১৮৮০-১৯৩২
650 0 _92694
_aEssay
650 0 _abiographical dictionary - চরিতাভিধান
_94665
942 _2ddc
_cBK